[Event "EU-ch U20"]
[Site "Siofok"]
[Date "1996.??.??"]
[Round "2"]
[White "Moor, Roger"]
[Black "Szuk, Balazs"]
[Result "0-1"]
[WhiteElo "2240"]
[BlackElo "2350"]

1.e4 c5 2.Nc3 Nc6 3.Nge2 e6 4.d4 cxd4 5.Nxd4 Nf6 6.Ndb5 d6 7.Bf4 e5 8.Bg5 a6
9.Na3 b5 10.Bxf6 gxf6 11.Nd5 f5 12.Bd3 Be6 13.O-O Bg7 14.Qh5 f4 15.c4 bxc4
16.Bxc4 O-O 17.Rac1 Rb8 18.b3 Qa5 19.Nb1 Kh8 20.Rfd1 Nd4 21.Nbc3 Rb7 22.Ne2 Nc6
23.Rc2 Bxd5 24.Bxd5 Nb4 25.Bxb7 Nxc2 26.Bd5 Qxa2 27.Bxf7 Nb4 28.h3 f3 29.Ng3 Nd3
30.Rxd3 Qb1+ 31.Kh2 Qxd3 32.Bg6 h6 33.Bf5 Qxb3 34.Qg6 Qg8 35.Qxd6 fxg2 36.Qxa6 Bf6
37.Kxg2 Qg7 38.Kh1 Rg8 39.Bg4 Qg6 40.Bf5 Qg7 41.Be6 Rd8 42.Bg4 Bh4 43.Qa5 Qf6
44.Bf5 Bxg3 45.fxg3 Rd1+ 46.Kg2 Qd6 47.Qa8+ Kg7 48.Kf3 h5  0-1

[Event "EU-ch U20"]
[Site "Siofok"]
[Date "1996.??.??"]
[Round "3"]
[White "Szuk, Balazs"]
[Black "Belozerov, Andrei"]
[Result "1-0"]
[WhiteElo "2350"]
[BlackElo "2455"]

1.e4 c5 2.Nf3 e6 3.d4 cxd4 4.Nxd4 Nc6 5.Nc3 d6 6.Be2 Nf6 7.O-O Be7 8.Be3 O-O
9.f4 e5 10.Nb3 exf4 11.Bxf4 Be6 12.Bf3 Ne8 13.Nd5 Bxd5 14.Qxd5 Bf6 15.c3 Qb6+
16.Kh1 Be5 17.Qd2 Bxf4 18.Qxf4 Ne5 19.Rfd1 Rd8 20.Rab1 Nc7 21.Be2 Ne6 22.Qg3 Rfe8
23.Rd5 Nc7 24.Rd2 Re6 25.Nd4 Rg6 26.Qh4 Ne6 27.Nf5 Rg5 28.Rbd1 h6 29.Nxd6 Rxd6
30.Rxd6 Qxb2 31.R6d2 Qxc3 32.Qf2 b6 33.Bf3 Rg6 34.Rc2 Qa3 35.Bh5 Rf6 36.Qg3 Qxg3
37.hxg3 Nc5 38.Rd5 Re6 39.Bf3 g5 40.g4 h5 41.gxh5 Kh7 42.Kg1 Kh6 43.Bd1 g4
44.Rf2 Nxe4 45.Re2 Nc6 46.Bc2 Nc5 47.Rxe6+ fxe6 48.Rd6 Ne7 49.Bd1 Nf5 50.Rd8 Kxh5
51.Rh8+ Kg5 52.Rg8+ Kf6 53.Rxg4 Ne3 54.Rd4 e5 55.Rd8 e4 56.Be2 Ke5 57.Kf2 Nf5
58.g4 Nd4 59.Bc4 Nc2 60.g5 Kf5 61.Rg8 Na3 62.Be2 Nb1 63.g6 Kf6 64.Bh5 Ne6
65.Ra8 Ng7 66.Be2 Kxg6 67.Rxa7 Nc3 68.Ra3 Nd5 69.Bc4 Nc7 70.Rb3 Kf5 71.Rxb6 Ke5
72.a4 Nge8 73.Rc6 Nd5 74.a5 Nd6 75.a6 Nxc4 76.Rxc4  1-0

[Event "EU-ch U20"]
[Site "Siofok"]
[Date "1996.??.??"]
[Round "10"]
[White "Antoniewski, Rafal"]
[Black "Kovacs, Gabor"]
[Result "0-1"]
[WhiteElo "2350"]
[BlackElo "2335"]

1.e4 c5 2.Nf3 e6 3.d4 cxd4 4.Nxd4 Nc6 5.Nc3 Qc7 6.Be2 a6 7.O-O Nf6 8.Be3 d6
9.f4 Be7 10.a4 O-O 11.Kh1 Re8 12.Bf3 Rb8 13.Qd2 Bd7 14.Nb3 b6 15.g4 Bc8 16.g5 Nd7
17.Bg2 Na5 18.Qf2 Nc4 19.Bc1 b5 20.axb5 axb5 21.f5 Nc5 22.fxe6 Bxe6 23.Nd4 Qd7
24.Nd5 Bf8 25.b3 Ne5 26.Bf4 Qb7 27.Nb4 Ra8 28.Rae1 Rac8 29.Qe2 Bd7 30.Nd5 Ne6
31.Be3 Nxd4 32.Bxd4 Be6 33.Qd2 Ng6 34.Qf2 Be7 35.h4 Ne5 36.Ra1 Ra8 37.Qg3 Bf8
38.h5 Rxa1 39.Rxa1 Bxd5 40.exd5 Qc8 41.c3 Qf5 42.Rf1 Qc2 43.Qf4 Re7 44.b4 Qe2
45.Qh4 Re8 46.Kg1 Be7 47.h6 Qd2 48.hxg7 Bxg5 49.Qh3 Qe2 50.Kh1 Kxg7 51.Bf3 Qd3
52.Qg2 Qg6 53.Be4 Qh6+ 54.Kg1 f6 55.Ra1 Re7 56.Ra5 Ng6 57.Rxb5 Qh4 58.Bd3 Nf4
59.Qf3 Nxd3 60.Qxd3 Qe1+ 61.Kg2 Re2+ 62.Kf3 Qf1+  0-1

[Event "EU-ch U20"]
[Site "Siofok"]
[Date "1996.??.??"]
[Round "11"]
[White "Krakops, Maris"]
[Black "Shariyazdanov, Andrey"]
[Result "0-1"]
[WhiteElo "2440"]
[BlackElo "2470"]

1.e4 c5 2.Nf3 e6 3.Nc3 Nc6 4.d4 cxd4 5.Nxd4 Nf6 6.Ndb5 d6 7.Bf4 e5 8.Bg5 a6
9.Na3 b5 10.Nd5 Be7 11.Bxf6 Bxf6 12.c3 Bg5 13.Nc2 Ne7 14.a4 bxa4 15.Ncb4 O-O
16.Qxa4 Nxd5 17.Nxd5 Be6 18.Bc4 Qb8 19.O-O Rc8 20.Bxa6 Bxd5 21.exd5 Rc7 22.Qb5 Qd8
23.Ra4 g6 24.Rfa1 Kg7 25.g3 Rca7 26.Qc4 Rb8 27.R1a2 Qe7 28.Kg2 h5 29.Qe2 Qc7
30.Bc4 Rxa4 31.Rxa4 f5 32.Ra6 e4 33.b4 Qe7 34.Qa2 Rb7 35.Rc6 f4 36.Kg1 h4
37.gxf4 Bxf4 38.h3 Qg5+ 39.Kh1 Rf7 40.Qe2 e3 41.f3 Re7 42.Ba6 Qg3 43.Bc8 Re8  0-1

[Event "SLO-chT sf"]
[Site "SLO"]
[Date "1996.??.??"]
[Round "1"]
[White "Saljic, S."]
[Black "Nadvesnik, Vilma"]
[Result "1/2-1/2"]
[WhiteElo "1970"]
[BlackElo "1985"]

1.e4 c5 2.Nc3 e6 3.Nf3 Nc6 4.d4 cxd4 5.Nxd4 Nf6 6.Bg5 Be7 7.Bxf6 Bxf6 8.Ndb5 O-O
9.Nd6 a6 10.f4 Bxc3+ 11.bxc3 Qc7 12.Qd2 b5 13.a4 Qa5 14.Be2 bxa4 15.O-O Rb8
16.Kh1 a3 17.Nc4 Qc5 18.Rfd1 Ne7 19.Qd6 Qxd6 20.Nxd6 Rb2 21.Rxa3 Rxc2 22.Bd3 Rb2
23.Kg1 Rb6 24.Be2 Rd8 25.Nxc8 Nxc8 26.Rxa6 Kf8 27.Rxb6 Nxb6 28.Bb5 Ke7 29.c4 Rc8
30.e5 Rc7 31.Rd4 Nc8 32.c5 Na7 33.Ba4 Nc6 34.Rd2 Nb4 35.Rd6 f6 36.g3 fxe5
37.fxe5 Nc6 38.Bxc6 Rxc6 39.Rxc6 dxc6 40.Kf2 Kf7 41.Kf3 g5 42.g4 Ke7 43.Ke3  1/2-1/2

[Event "SLO-chT sf"]
[Site "SLO"]
[Date "1996.??.??"]
[Round "6"]
[White "Mencinger, Vojko"]
[Black "Gostisa, Leon"]
[Result "1/2-1/2"]
[WhiteElo "2390"]
[BlackElo "2405"]

1.e4 c5 2.Nf3 e6 3.d4 cxd4 4.Nxd4 Nc6 5.Nc3 Qc7 6.g3 a6 7.Bg2 Nf6 8.O-O Be7
9.Re1 Nxd4 10.Qxd4 Bc5 11.Bf4 d6 12.Qd1 e5 13.Be3 Be6 14.a4 Rc8 15.Bxc5 Qxc5
16.Qd2 O-O 17.a5 Rfd8 18.h3 Qb4 19.Qc1 h6 20.Ra4 Qc5 21.Qe3 Kf8 22.Qxc5  1/2-1/2

[Event "Sochi"]
[Site "Sochi"]
[Date "1996.??.??"]
[Round "?"]
[White "Saltaev, Mihail"]
[Black "Panchenko, Alexander N"]
[Result "1/2-1/2"]
[WhiteElo "2530"]
[BlackElo "2465"]

1.e4 c5 2.Nf3 e6 3.d4 cxd4 4.Nxd4 Nc6 5.Nc3 Nf6 6.Ndb5 d6 7.g4 e5 8.Bg5 a6
9.Na3 b5 10.Nd5 Qa5+ 11.Bd2 Qd8 12.Bg5 Qa5+ 13.Bd2  1/2-1/2

[Event "Sochi"]
[Site "Sochi"]
[Date "1996.??.??"]
[Round "?"]
[White "Saltaev, Mihail"]
[Black "Averkin, Orest N"]
[Result "1/2-1/2"]
[WhiteElo "2530"]
[BlackElo "2455"]

1.e4 c5 2.Nf3 e6 3.d4 cxd4 4.Nxd4 Nc6 5.Nc3 Qc7 6.Be3 a6 7.Bd3 Nf6 8.O-O Ne5
9.h3 Bc5 10.f4 Ng6 11.Qf3 d6 12.Rae1 O-O 13.Nb3 Bxe3+ 14.Qxe3 b5 15.Kh1 b4
16.Ne2 a5 17.Nbd4 Qb6 18.Ng3 a4 19.a3 bxa3 20.bxa3 Rb8 21.Nb5 Qxe3 22.Rxe3 Rd8
23.Ree1 Bb7 24.Rb1 h5 25.Nc3 h4 26.Nge2 e5 27.Rb4 Bc6 28.fxe5 Rxb4 29.axb4 Nxe5
30.b5 Bb7 31.Ra1 d5 32.Rxa4 Nxd3 33.cxd3 dxe4 34.Nxe4 Nxe4 35.dxe4 Rd2 36.Nc3 f5
37.Kg1 Rc2 38.Ra7 Rxc3 39.Rxb7 fxe4 40.Re7 e3 41.Kf1 Rb3 42.Re5 Rb2 43.Rh5 Rf2+
44.Ke1 Rxg2 45.Rxh4 Rb2 46.Rh5 Kf7 47.Rc5 Ke6 48.h4 g6  1/2-1/2

[Event "Sochi"]
[Site "Sochi"]
[Date "1996.??.??"]
[Round "?"]
[White "Saltaev, Mihail"]
[Black "Poluljahov, Aleksandr"]
[Result "1/2-1/2"]
[WhiteElo "2530"]
[BlackElo "2480"]

1.e4 c5 2.Nf3 e6 3.d4 cxd4 4.Nxd4 Nc6 5.Nc3 Qc7 6.Be3 a6 7.Bd3 Nf6 8.O-O Nxd4
9.Bxd4 Bc5 10.Bxc5 Qxc5 11.Qd2 b5 12.Rae1 e5 13.Qg5 O-O 14.Nd5 Nxd5 15.Qxe5 Bb7
16.exd5 Qxd5 17.Qxd5 Bxd5 18.Re5 Bc6 19.Rfe1 Rfc8 20.f3 Kf8 21.c3 h6 22.Kf2 Rc7
23.a3 d6 24.R5e3 Rb8 25.Rd1 Rb6 26.Bc2 Bd7 27.Bb3 a5 28.Re4 g5 29.Red4 Ke7
30.Re1+ Kf6 31.f4 Be6 32.fxg5+ hxg5 33.Bd1 Rc5 34.Re3 Rc4 35.Red3 Ke5 36.Be2 Rxd4
37.Rxd4 Bc4 38.Bd1 f5 39.h4 gxh4 40.Rxh4 Rb8 41.Bc2 Be6 42.g3 Rc8 43.Bd1 Rb8
44.Bf3 Rc8 45.Bg2 Rc7 46.Bh3 Rb7 47.Ke3 Rg7 48.Kf3 Bd5+ 49.Kf2 Be4 50.Rh5 b4
51.cxb4 axb4 52.a4 d5 53.a5 Ra7 54.Bxf5 Rxa5 55.Bxe4+ Kxe4 56.Rh4+ Kd3 57.Rxb4 d4
58.g4 Ra6 59.g5 Ra5 60.g6 Rf5+ 61.Ke1 Rg5 62.Rb6 Kc2 63.Rc6+  1/2-1/2

[Event "Sochi"]
[Site "Sochi"]
[Date "1996.??.??"]
[Round "?"]
[White "Komliakov, Viktor"]
[Black "Saltaev, Mihail"]
[Result "1/2-1/2"]
[WhiteElo "2500"]
[BlackElo "2530"]

1.e4 c5 2.Nf3 e6 3.d4 cxd4 4.Nxd4 Nc6 5.Nc3 d6 6.Be3 a6 7.Be2 Nf6 8.f4 Be7
9.O-O O-O 10.a4 Nxd4 11.Bxd4 Bd7 12.Kh1 Bc6 13.Bd3 Nd7 14.a5 Bf6 15.Bf2  1/2-1/2

[Event "BUL-ch"]
[Site "Sofia"]
[Date "1996.??.??"]
[Round "1"]
[White "Petrov, Marijan"]
[Black "Nikolov, Sasho"]
[Result "1/2-1/2"]
[WhiteElo "2400"]
[BlackElo "2395"]

1.e4 c5 2.Nf3 e6 3.d4 cxd4 4.Nxd4 Nc6 5.Nc3 Qc7 6.Be3 a6 7.Be2 Nf6 8.O-O Be7
9.f4 d6 10.Qe1 O-O 11.Qg3 Nxd4 12.Bxd4 b5 13.a3 Bb7 14.Kh1 Rad8 15.Bd3 Bc6
16.Rae1 Qb7 17.Qh3 g6 18.f5 e5 19.Be3 d5 20.exd5 Bxd5 21.Bg5 e4 22.Bxf6 Bxf6
23.Nxe4 Bxb2 24.Ng5 f6 25.Ne6 Bxe6 26.Rxe6 g5 27.Be4 Qf7 28.Qb3 Bd4 29.Rxa6  1/2-1/2

[Event "BUL-ch"]
[Site "Sofia"]
[Date "1996.??.??"]
[Round "2"]
[White "Inkiov, Ventzislav"]
[Black "Kurtenkov, Atanas"]
[Result "1/2-1/2"]
[WhiteElo "2505"]
[BlackElo "2415"]

1.e4 c5 2.Nf3 e6 3.d4 cxd4 4.Nxd4 Nc6 5.Nc3 Qc7 6.g3 a6 7.Bg2 d6 8.O-O Nf6
9.Re1 Be7 10.Nxc6 bxc6 11.e5 dxe5 12.Rxe5 O-O 13.Bf4 Qb7 14.Rb1 Nd5 15.Nxd5 exd5  1/2-1/2

[Event "Solymar op"]
[Site "Solymar"]
[Date "1996.??.??"]
[Round "?"]
[White "Borocz, Istvan"]
[Black "Medvegy, Nora"]
[Result "1-0"]
[WhiteElo "2415"]
[BlackElo "2300"]

1.e4 c5 2.Nf3 e6 3.d4 cxd4 4.Nxd4 Nc6 5.Nc3 Qc7 6.Be2 Nf6 7.O-O a6 8.Be3 Bb4
9.Na4 O-O 10.Nxc6 bxc6 11.c4 Be7 12.Bd3 d6 13.Nb6 Rb8 14.Nxc8 Rfxc8 15.b3 Nd7
16.Re1 Qb7 17.Qe2 Ne5 18.Bb1 c5 19.f4 Nc6 20.e5 dxe5 21.fxe5 g6 22.Be4 Bf8
23.Bg5 Qc7 24.Bxc6 Qxc6 25.Qf2 Qc7 26.Rad1 Bg7 27.Bf6  1-0

[Event "St Cugat op"]
[Site "St Cugat"]
[Date "1996.??.??"]
[Round "8"]
[White "Kolev, Atanas"]
[Black "Cuadras, Jorge"]
[Result "1-0"]
[WhiteElo "2510"]
[BlackElo "2280"]

1.e4 c5 2.Nf3 e6 3.d4 cxd4 4.Nxd4 Nc6 5.Nc3 d6 6.Be3 Nf6 7.f3 Be7 8.Qd2 O-O
9.g4 a6 10.O-O-O Nxd4 11.Qxd4 b5 12.g5 Nd7 13.h4 Ne5 14.Be2 Qa5 15.f4 Nc6
16.Qb6 Qxb6 17.Bxb6 Bd8 18.Be3 Bc7 19.Rhf1 Bb7 20.a3 Rfe8 21.b4 Ne7 22.Kb2 d5
23.Bc5 Ng6 24.f5 Nxh4 25.fxe6 fxe6 26.Bh5 g6 27.Bg4 Be5 28.exd5 Bxd5 29.Bd4 Bxd4
30.Rxd4 Ng2 31.Nxd5 exd5 32.Bf3 Ne3 33.Bxd5+ Nxd5 34.Rxd5 Ra7 35.Rf6 Rea8
36.Kb3 Kg7 37.Rc6 h6 38.Rdd6 hxg5 39.Rxg6+ Kf7 40.Rxg5 Ke8 41.Rh6 Kf7 42.a4 bxa4+
43.Kxa4 Rc8 44.Rh7+ Kf6 45.Rxa7 Kxg5 46.Rxa6 Rxc2 47.Re6 Kf5 48.Re8  1-0

[Event "St Petersburg-ch"]
[Site "St Petersburg"]
[Date "1996.??.??"]
[Round "1"]
[White "Yemelin, Vasily"]
[Black "Taimanov, Mark E"]
[Result "1/2-1/2"]
[WhiteElo "2460"]
[BlackElo "2470"]

1.e4 c5 2.Nf3 e6 3.d4 cxd4 4.Nxd4 Nc6 5.Nc3 a6 6.Be2 Nge7 7.Bg5 Qa5 8.Bf4 Nxd4
9.Qxd4 Nc6 10.Qe3 Bc5 11.Qg3 O-O 12.O-O f6 13.a3 Bd4 14.Rfd1 Be5 15.Bc4 Qc7
16.Bxe5 Nxe5 17.Bb3 b5 18.Nd5 Qc5 19.Qe3 Qxe3 20.Nxe3 g5 21.g3 g4 22.a4 Bb7
23.Nxg4 Nxg4 24.Rxd7 Bc8 25.Bxe6+ Kh8 26.Bxg4 Bxd7 27.Bxd7 Rfd8 28.Be6 Rd6
29.Bd5 Rc8 30.axb5 axb5 31.c3 f5 32.Ra7 fxe4 33.Bxe4 h6 34.Rb7 Rc5 35.Kg2 Rd2
36.b4 Rc4 37.Bg6 Rxc3 38.Rxb5 Rb3 39.Rb7 Rbb2 40.Rf7 Rxb4 41.h4 Kg8 42.h5 Rb8
43.Rf3 Rf8 44.Bf5 Kg7 45.g4 Kf6 46.Ra3 Kg5 47.Ra5 Rxf5 48.Rxf5+ Kxg4 49.Ra5  1/2-1/2

[Event "RUS-Cup1 Chigorin mem"]
[Site "St Petersburg"]
[Date "1996.??.??"]
[Round "2"]
[White "Zavoronkov, Vladimir"]
[Black "Skomorokhin, Roman"]
[Result "0-1"]
[WhiteElo "2265"]
[BlackElo "2450"]

1.e4 c5 2.Nf3 e6 3.d4 cxd4 4.Nxd4 Nc6 5.Nc3 Qc7 6.Be3 Nf6 7.Bd3 a6 8.Qe2 b5
9.a4 b4 10.Nb1 Ne5 11.Nd2 Bb7 12.N4f3 Nfg4 13.Bd4 Nc6 14.Nb3 Nxd4 15.Nfxd4 Ne5
16.O-O Bd6 17.g3 O-O 18.f4 Nc6 19.Nf3 Be7 20.a5 d6 21.Rfe1 Bf6 22.e5 dxe5
23.fxe5 Be7 24.Qe3 Rad8 25.Be4 g6 26.c4 bxc3 27.bxc3 Rb8 28.Bc2 Rfd8 29.Ra4 Nb4
30.Nbd4 Nxc2 31.Nxc2 Qc6 32.Rf4 Bg5 33.Ncd4 Bxf4 34.Qxf4 Rxd4  0-1

[Event "RUS-Cup1 Chigorin mem"]
[Site "St Petersburg"]
[Date "1996.??.??"]
[Round "2"]
[White "Zontakh, Andrey"]
[Black "Novgorodskij, Vladimir"]
[Result "1/2-1/2"]
[WhiteElo "2550"]
[BlackElo "2365"]

1.e4 c5 2.Nf3 e6 3.d4 cxd4 4.Nxd4 Nc6 5.Nc3 Qc7 6.Be3 a6 7.Bd3 b5 8.O-O Bb7
9.Qe2 Nf6 10.Kh1 Bb4 11.f4 Bxc3 12.bxc3 d5 13.exd5 Nxd5 14.f5 e5 15.Bd2 Nce7
16.Nb3 O-O 17.Rad1 f6 18.c4 bxc4 19.Bxc4 a5 20.Rb1 Rfb8 21.Be3 Kh8 22.Nc5 Nxe3
23.Qxe3 Bd5 24.Na6 Qxc4 25.Nxb8 Qc8 26.Qb6 Nxf5 27.Rf2 Bxa2 28.Rb2 Bd5 29.Rb5 Bc4
30.Rb1 Nd4 31.Rxf6 gxf6 32.Qxf6+ Kg8 33.Qg5+ Kf7 34.Qxe5 Ne6 35.Qf5+ Kg7
36.Qe5+ Kf7 37.Qf5+ Kg7 38.Qe5+ Kf7  1/2-1/2

[Event "Rudenko mem"]
[Site "St Petersburg"]
[Date "1996.??.??"]
[Round "2"]
[White "Roschina, Tatiana"]
[Black "Tkacheva, Lyuba"]
[Result "1-0"]
[WhiteElo "2315"]
[BlackElo "2065"]

1.e4 c5 2.Nf3 e6 3.d4 cxd4 4.Nxd4 Nc6 5.Nc3 d6 6.g4 Nxd4 7.Qxd4 Ne7 8.Be3 Nc6
9.Qd2 Be7 10.Be2 a6 11.a4 O-O 12.O-O f5 13.exf5 exf5 14.Bc4+ Kh8 15.g5 Ne5
16.Bd5 Be6 17.f4 Nc4 18.Qe2 Bxd5 19.Nxd5 Nxe3 20.Qxe3 Re8 21.Qd3 Bf8 22.Qxf5 g6
23.Qd3 Bg7 24.c3 Qc8 25.Rfe1 Qg4+ 26.Kh1 Qh4 27.Qg3 Qh5 28.Nc7 Rxe1+ 29.Rxe1 Rf8
30.Kg2 h6 31.h4 Rf7 32.Nd5 Kh7 33.Qf3 Qxf3+ 34.Kxf3 Rf5 35.Ke4 Bf8 36.a5 Kg7
37.Rd1 Kf7 38.Rd4 Ke6 39.Nc7+ Kd7 40.Nd5 Kc6 41.b4 hxg5 42.hxg5 Kd7 43.Rc4 Ke6
44.Rc8 Rf7 45.c4 Bg7 46.b5  1-0

[Event "RUS-Cup1 Chigorin mem"]
[Site "St Petersburg"]
[Date "1996.??.??"]
[Round "3"]
[White "Raaste, Eero J"]
[Black "Poluljahov, Aleksandr"]
[Result "1/2-1/2"]
[WhiteElo "2360"]
[BlackElo "2490"]

1.e4 c5 2.Nf3 e6 3.d4 cxd4 4.Nxd4 Nc6 5.Nc3 Qc7 6.Be2 a6 7.O-O Nf6 8.Be3 Bb4
9.Nxc6 bxc6 10.Qd4 c5 11.Qc4 Bb7 12.Bf3 d6 13.Bf4 Bxc3 14.Qxc3 e5 15.Rfe1 h6
16.Bd2 Bc6 17.Rad1 O-O 18.Qd3 Rfd8 19.c4 Rab8 20.Bc3 Nh7 21.Qd2 Qb7 22.Ba5 Re8
23.Qxd6 Ng5 24.b3 Nxf3+ 25.gxf3 Rbc8 26.Rd3 Re6 27.Qxc5 Bxe4 28.Qxc8+ Qxc8
29.Rd8+ Qxd8 30.Bxd8 Rg6+ 31.Kf1 Bd3+ 32.Re2 Kf8 33.Bc7 Ke8 34.a4 Kd7 35.Ba5 Kc6
36.Bb4 f5 37.Bf8 Bxe2+ 38.Kxe2 Rg2 39.b4 g5 40.b5+ axb5 41.axb5+ Kd7 42.Bxh6 Rxh2
43.Bxg5 Kd6 44.Be3 f4 45.Ba7 Rh7 46.Bb6 Rh3 47.Ba7 Rh7 48.Bb6 Rh3 49.Ba7  1/2-1/2

[Event "RUS-Cup1 Chigorin mem"]
[Site "St Petersburg"]
[Date "1996.??.??"]
[Round "3"]
[White "Smikovski, I."]
[Black "Kiik, Kalle"]
[Result "1-0"]
[WhiteElo "2545"]
[BlackElo "2370"]

1.e4 c5 2.Nf3 e6 3.d4 cxd4 4.Nxd4 Nc6 5.Nc3 d6 6.Be3 Nf6 7.f4 e5 8.Nf3 Ng4
9.Bd2 exf4 10.Bxf4 Be7 11.Bc4 O-O 12.Qd2 Nge5 13.Bb3 Be6 14.Nd5 Nxf3+ 15.gxf3 Bh4+
16.Bg3 Ne5 17.Rf1 a5 18.a3 a4 19.Ba2 Bh3 20.Rf2 Bg2 21.Qe2 Bh3 22.O-O-O Be6
23.Kb1 Kh8 24.Rg1 Ng6 25.Nc3 Bf6 26.Qd2 Be5 27.f4 Bxc3 28.Qxc3 Bxa2+ 29.Kxa2 f5
30.h4 Rc8 31.Qd4 Qf6 32.Qxf6 Rxf6 33.h5 Nf8 34.Bh4 Rf7 35.h6 Ng6 36.hxg7+ Kg8
37.Bg5 Re8 38.exf5 Rxf5 39.Bh6 Re6 40.Rg5 Ne7 41.Rh2 b5 42.Rg3 Rc5 43.Rgh3 Nf5
44.Bg5 Kxg7 45.Rxh7+ Kg6 46.Rb7 Re1 47.Rd2 Rc1 48.c3 Re1 49.Bd8  1-0

[Event "RUS-Cup1 Chigorin mem"]
[Site "St Petersburg"]
[Date "1996.??.??"]
[Round "3"]
[White "Golod, Ilja"]
[Black "Kochyev, Alexander"]
[Result "1/2-1/2"]
[WhiteElo "2300"]
[BlackElo "2500"]

1.e4 c5 2.Nf3 e6 3.d4 cxd4 4.Nxd4 Nc6 5.Nc3 a6 6.Be3 Nge7 7.Be2 Nxd4 8.Qxd4 b5
9.O-O Nc6 10.Qd2 Be7 11.Rad1 Bb7 12.Bf4 Rc8 13.Rfe1 Na5 14.a3 Nc4 15.Bxc4 Rxc4
16.Bd6 Bxd6  1/2-1/2

[Event "Petrov mem"]
[Site "St Petersburg"]
[Date "1996.??.??"]
[Round "3"]
[White "Asrian, Karen"]
[Black "Tunik, Gennady"]
[Result "1/2-1/2"]
[WhiteElo "2310"]
[BlackElo "2475"]

1.e4 c5 2.Nf3 e6 3.d4 cxd4 4.Nxd4 Nc6 5.Nc3 a6 6.Be2 Qc7 7.O-O Nf6 8.Be3 Bb4
9.Nxc6 bxc6 10.Na4 Rb8 11.Bd3 d5 12.Nc5 O-O 13.exd5 cxd5 14.Nxa6 Bxa6 15.Bxa6 Bd6
16.g3 Be5 17.Rb1 Bxb2 18.Bd3 Bc3 19.a4 Qa5 20.Bb5 Ne4 21.Qd3 Rbc8 22.Bd7 Nc5
23.Bxc5 Rxc5 24.Rb5 Qc7 25.Rxc5 Qxc5 26.Rb1 Qc7 27.Bb5 g6 28.Rb3 Ba5 29.c4 Rd8
30.Rb1 Qc5 31.Qe3 Qxe3 32.fxe3 dxc4 33.Bxc4 Rc8 34.Bb5 Rc3 35.e4 Rc2 36.Kh1 Ra2
37.Rg1 h5 38.Rg2 Ra3 39.Rf2 Kf8 40.Kg2 Bb6 41.Rd2 g5 42.Be2 Rxa4 43.Bxh5 Rxe4
44.Rb2 Bc7 45.Rf2 f5 46.Re2 Rxe2+ 47.Bxe2 Ke7 48.g4 Kf6 49.h3 e5 50.h4 gxh4
51.gxf5 Kxf5 52.Bd3+ e4 53.Bxe4+  1/2-1/2

[Event "Petrov mem"]
[Site "St Petersburg"]
[Date "1996.??.??"]
[Round "3"]
[White "Orlov, Vassily"]
[Black "Kalegin, Evgenij"]
[Result "0-1"]
[WhiteElo "2405"]
[BlackElo "2495"]

1.e4 c5 2.Nf3 e6 3.d4 cxd4 4.Nxd4 Nc6 5.Nc3 Qc7 6.Be2 a6 7.Be3 Nf6 8.O-O Be7
9.f4 d6 10.Qe1 O-O 11.Qg3 Nxd4 12.Bxd4 b5 13.a3 Bb7 14.Bf3 Bc6 15.Rae1 Rad8
16.Kh1 Ne8 17.Qf2 Rc8 18.Bb6 Qd7 19.Rd1 Qb7 20.Qe3 Nf6 21.Bd4 a5 22.Bxf6 Bxf6
23.Rxd6 b4 24.axb4 axb4 25.Nd1 Be7 26.Rd2 Bb5 27.Be2 Bc5 28.Qf3 Bc6 29.Bd3 f5
30.Re2 e5 31.Rfe1 Kh8 32.Qh3 exf4 33.c3 Rcd8 34.cxb4 Bxb4 35.Nc3 Bxc3 36.bxc3 fxe4
37.Bc2 g6 38.Qe6 e3 39.Qe5+ Qg7 40.Qc5 Qf6 41.Rf1 f3 42.gxf3 Bxf3+ 43.Kg1 Qf4
44.Rg2 e2  0-1

[Event "RUS-Cup1 Chigorin mem"]
[Site "St Petersburg"]
[Date "1996.??.??"]
[Round "4"]
[White "Poliakov, Dmitry"]
[Black "Nekrasova, Elena"]
[Result "1/2-1/2"]
[WhiteElo "2375"]
[BlackElo "2085"]

1.e4 c5 2.Nf3 e6 3.d4 cxd4 4.Nxd4 Nc6 5.Nc3 Qc7 6.Be2 a6 7.O-O Nf6 8.Kh1 Bb4
9.f3 O-O 10.Bg5 Be7 11.Be3 b5 12.a3 Bb7 13.Nb3 Ne5 14.Bf4 d6 15.Bg3 Rfd8
16.Bd3 Rac8 17.Qe2 Nh5 18.Qe1 Nxg3+ 19.Qxg3 Bf6 20.f4 Nc4 21.Bxc4 Bxc3 22.bxc3 Qxc4
23.Na5 Qc7 24.Nxb7 Qxb7 25.Rae1 f6 26.Qh3 e5 27.Qg3 Rc6 28.h4 Rdc8 29.Re3 Qc7
30.Rff3 Qa5 31.f5 Qxa3 32.h5 h6 33.Qg6 R6c7 34.Kh2 Qa4 35.Rg3 Kh8 36.Rd3 Qxe4
37.Rxd6 Qh4+ 38.Kg1 Rf8 39.Rxa6 Qe4 40.Re6 Qa8 41.Rd3 Qc8 42.Kh2 Rd7 43.Rf3 Qd8
44.Rg3 Re7 45.Rd3 Rd7 46.Rg3 Re7 47.Rd3 Rd7 48.Rg3  1/2-1/2

[Event "Rudenko mem"]
[Site "St Petersburg"]
[Date "1996.??.??"]
[Round "4"]
[White "Roschina, Tatiana"]
[Black "Nekrasova, Elena"]
[Result "0-1"]
[WhiteElo "2315"]
[BlackElo "2085"]

1.e4 c5 2.Nf3 e6 3.d4 cxd4 4.Nxd4 Nc6 5.Nc3 Nf6 6.Ndb5 Bb4 7.a3 Bxc3+ 8.Nxc3 d5
9.exd5 exd5 10.Bd3 O-O 11.O-O d4 12.Ne2 Qd5 13.b4 a6 14.Bb2 Rd8 15.Qd2 b5
16.Rad1 Bb7 17.f3 Rd6 18.c3 dxc3 19.Bxc3 Rad8 20.Bxf6 gxf6 21.Bxh7+ Kg7 22.Qxd5 Rxd5
23.Rxd5 Rxd5 24.Be4 Rd2 25.Nc3 Nd8 26.Rf2 Rd4 27.Rc2 Bxe4 28.Nxe4 Rd1+ 29.Kf2 Ra1
30.Rc3 Ra2+ 31.Kg3 Ne6 32.Rd3 f5 33.Nd2 f4+ 34.Kf2 Kf6 35.g3 Ke5 36.h4 fxg3+
37.Kxg3 Nf4 38.Re3+ Kf5 39.Re7 Nh5+ 40.Kh3 Nf4+ 41.Kg3 Nh5+ 42.Kh3 Rxd2 43.Rxf7+ Kg6
44.Ra7 Rd6 45.Kg4 Rf6 46.Ra8 Rf4+ 47.Kh3 Rxf3+ 48.Kg2 Rxa3 49.Rg8+ Kh7 50.Rg4 Rd3
51.Re4 Ra3 52.Kf2 Nf6 53.Rd4 Kg6 54.Rf4 Nd5 55.Rd4 Nc3 56.Kf3 Kh5 57.Kf4 Ne2+  0-1

[Event "RUS-Cup1 Chigorin mem"]
[Site "St Petersburg"]
[Date "1996.??.??"]
[Round "5"]
[White "Ionov, Sergey"]
[Black "Epishin, Vladimir"]
[Result "1/2-1/2"]
[WhiteElo "2490"]
[BlackElo "2620"]

1.e4 c5 2.Nf3 e6 3.d4 cxd4 4.Nxd4 Nc6 5.Nc3 Qc7 6.g3 a6 7.Bg2 Nf6 8.O-O Be7
9.Re1 d6 10.Nxc6 bxc6 11.e5 dxe5 12.Rxe5 O-O 13.Bf4 Qb7 14.Re3  1/2-1/2

[Event "Petrov mem"]
[Site "St Petersburg"]
[Date "1996.??.??"]
[Round "5"]
[White "Lukin, Andrei M"]
[Black "Novgorodskij, Vladimir"]
[Result "1/2-1/2"]
[WhiteElo "2455"]
[BlackElo "2325"]

1.e4 c5 2.Nf3 e6 3.d4 cxd4 4.Nxd4 Nc6 5.Nc3 Qc7 6.Be2 a6 7.f4 Nxd4 8.Qxd4 b5
9.Be3 Bb7 10.Bf3 Rc8 11.a3 Be7 12.O-O-O Nf6 13.Rd2 O-O 14.e5 Bxf3 15.gxf3 Ne8
16.Ne4 f5 17.exf6 Nxf6 18.Rg1 Rf7 19.Ng5 Rff8 20.Ne4 Rf7 21.Ng5 Rff8  1/2-1/2

[Event "St Petersburg-ch"]
[Site "St Petersburg"]
[Date "1996.??.??"]
[Round "5"]
[White "Khalifman, Alexander"]
[Black "Taimanov, Mark E"]
[Result "1/2-1/2"]
[WhiteElo "2640"]
[BlackElo "2470"]

1.e4 c5 2.Nf3 e6 3.d4 cxd4 4.Nxd4 Nc6 5.Nc3 a6 6.Be2 Nge7 7.Be3 Nxd4 8.Qxd4 b5
9.O-O Nc6 10.Qd2 Be7 11.Rad1 O-O 12.Bf4 f6 13.a4 bxa4 14.Nxa4 Ne5 15.Be3 Rb8
16.f4 Nf7 17.b3 Qc7 18.Qc3 Qxc3 19.Nxc3 Re8 20.Na4 Bb7 21.Rxd7 Bxe4 22.Bc5 Bd8
23.Rc1 a5 24.Bc4 Bc6 25.Rd3 Bb5 26.Bxb5 Rxb5  1/2-1/2

[Event "RUS-Cup1 Chigorin mem"]
[Site "St Petersburg"]
[Date "1996.??.??"]
[Round "6"]
[White "Poliakov, Dmitry"]
[Black "Uchitel, Stanislav"]
[Result "1-0"]
[WhiteElo "2375"]
[BlackElo "2350"]

1.e4 c5 2.Nf3 e6 3.d4 cxd4 4.Nxd4 Nc6 5.Nc3 Qc7 6.Be2 a6 7.O-O Nf6 8.Kh1 Bb4
9.Bg5 Be7 10.Be3 O-O 11.f4 d5 12.e5 Nd7 13.Rf3 b5 14.Bd3 g6 15.Rg3 Nxd4 16.Bxd4 Bc5
17.Bxc5 Qxc5 18.Qh5 Rd8 19.Rf1 Nf8 20.h4 b4 21.Nd1 Bd7 22.Nf2 Bb5 23.Ng4 Bxd3
24.cxd3 Qe7 25.Nf6+ Kg7 26.Qg5 Kh8 27.Nxh7 Qxg5 28.Nxg5 Ra7 29.Rc1 Rdd7 30.Rc8 Kg7
31.h5 Nh7 32.h6+  1-0

[Event "Petrov mem"]
[Site "St Petersburg"]
[Date "1996.??.??"]
[Round "6"]
[White "Loskutov, Oleg"]
[Black "Terekhov, Andrey"]
[Result "1-0"]
[WhiteElo "2440"]
[BlackElo "2315"]

1.e4 c5 2.Nf3 e6 3.d4 cxd4 4.Nxd4 Nc6 5.Nc3 Qc7 6.Be2 a6 7.O-O Nf6 8.Be3 Bb4
9.Na4 O-O 10.Nxc6 bxc6 11.Nb6 Rb8 12.Nxc8 Rfxc8 13.Bxa6 Rd8 14.Bd3 Bd6 15.Kh1 Be5
16.c3 Rxb2 17.Qc1 Ng4 18.f4 Nxe3 19.Qxb2 Bxf4 20.Qf2 Nxf1 21.Rxf1 g5 22.g3 Qd6
23.Be2 Be5 24.Qxf7+ Kh8 25.a4 Qc5 26.c4 Bg7 27.Qh5 Qe3 28.Rf3 Qc1+ 29.Kg2 Rg8
30.Rf7 Qc2 31.Rxd7 Qxe4+ 32.Qf3 Qc2 33.Qd3 Qxd3 34.Bxd3 Ra8 35.Be4 Rc8 36.a5 Kg8
37.a6 Bf8 38.a7 Bc5 39.Rb7 Rf8 40.Bxh7+ Kh8 41.Rb8  1-0

[Event "RUS-Cup1 Chigorin mem"]
[Site "St Petersburg"]
[Date "1996.??.??"]
[Round "7"]
[White "Rogovoi, Mark"]
[Black "Nekrasova, Elena"]
[Result "1-0"]
[WhiteElo "2255"]
[BlackElo "2085"]

1.e4 c5 2.Nf3 e6 3.d4 cxd4 4.Nxd4 Nc6 5.Nc3 Qc7 6.Be2 a6 7.O-O b5 8.a3 Bb7
9.Kh1 Nf6 10.f4 Nxd4 11.Qxd4 Bc5 12.Qd3 d5 13.e5 Ne4 14.Nxe4 dxe4 15.Qg3 O-O
16.f5 exf5 17.Rxf5 Rae8 18.Bg5 Kh8 19.Bf4 Qb6 20.Rh5 Re6 21.Qh3 h6 22.Bg4 Rg6
23.e6 e3 24.Bxh6 gxh6 25.Rxh6+ Rxh6 26.Qxh6+ Kg8 27.Rf1 e2 28.Qg5+ Kh8 29.Qf6+ Kg8
30.exf7+ Rxf7 31.Qxf7+ Kh8 32.Qe8+ Kg7 33.Rf7+ Kh6 34.Qh8+ Kg6 35.Qg7+  1-0

[Event "Petrov mem"]
[Site "St Petersburg"]
[Date "1996.??.??"]
[Round "7"]
[White "Korneev, Oleg"]
[Black "Beshukov, Sergei"]
[Result "1-0"]
[WhiteElo "2590"]
[BlackElo "2450"]

1.e4 c5 2.Nf3 e6 3.d4 cxd4 4.Nxd4 Nc6 5.Nc3 Qc7 6.Be3 a6 7.Qd2 Nf6 8.f3 Ne5
9.O-O-O b5 10.g4 h6 11.h4 b4 12.Nb1 d5 13.exd5 Nxd5 14.Qe1 Nxe3 15.Qxe3 Bc5
16.Nd2 Bb7 17.N2b3 Bxf3 18.Be2 Bxh1 19.Rxh1 Bb6 20.Qe4 O-O 21.g5 Bxd4 22.Nxd4 Ng6
23.Nxe6 Qe7 24.Bc4 h5 25.Re1 Rfe8 26.Qf3 Rac8 27.Bb3 Rb8 28.Re3 Rb6 29.Qxh5 Nf4
30.Qg4 Nxe6 31.g6 Qf6 32.Rf3 Nf4 33.gxf7+  1-0